Código penal y legislación complementaria. (Record no. 190931)

MARC details
000 -LEADER
campo de control de longitud fija 00957nam a2200289 a 4500
001 - NÚMERO DE CONTROL
campo de control 190931
003 - IDENTIFICADOR DE NÚMERO DE CONTROL
campo de control ES-MaACL
005 - FECHA Y HORA DE LA ÚLTIMA TRANSACCIÓN
campo de control 20250827062644.0
008 - DATOS DE LONGITUD FIJA--INFORMACIÓN GENERAL
campo de control de longitud fija 220830s2010 esp| ||| |||||||spa||
020 ## - NÚMERO INTERNACIONAL ESTÁNDAR DEL LIBRO
Número Internacional Estándar del Libro 978-84-470-3488-8
040 ## - FUENTE DE CATALOGACIÓN
Centro catalogador/agencia de origen M-BCD
Lengua de catalogación spa
Centro/agencia transcriptor M-BCD
080 ## - NÚMERO DE LA CLASIFICACIÓN DECIMAL UNIVERSAL
Número de la Clasificación Decimal Universal 343.2(460)"1995" (094.2)
110 1# - ENTRADA PRINCIPAL--NOMBRE DE ENTIDAD CORPORATIVA
Nombre de entidad corporativa o nombre de jurisdicción como elemento de entrada España
9 (RLIN) 3622
240 10 - TÍTULO UNIFORME
Título uniforme Código penal, 1995
245 10 - MENCIÓN DEL TÍTULO
Título Código penal y legislación complementaria.
250 ## - MENCION DE EDICION
Mención de edición 36 ed. /
Resto de la mención de edición a cargo de Julio Díaz-Maroto y Villarejo.
260 ## - PUBLICACIÓN, DISTRIBUCIÓN, ETC.
Lugar de publicación, distribución, etc. [Madrid] :
Nombre del editor, distribuidor, etc. Civitas,
Fecha de publicación, distribución, etc. 2010.
300 ## - DESCRIPCIÓN FÍSICA
Extensión 830 p. ;
Dimensiones 21 cm.
490 1# - MENCIÓN DE SERIE
Mención de serie Biblioteca de legislación ;
Designación de volumen o secuencia 7
500 ## - NOTA GENERAL
Nota general Índices.
650 04 - PUNTO DE ACCESO ADICIONAL DE MATERIA--TÉRMINO DE MATERIA
Término de materia o nombre geográfico como elemento de entrada Derecho penal-
Subdivisión geográfica España
9 (RLIN) 11752
700 1# - ENTRADA AGREGADA--NOMBRE PERSONAL
Nombre de persona Díaz-Maroto y Villarejo, Julio.
9 (RLIN) 44337
830 0# - PUNTO DE ACCESO ADICIONAL DE SERIE-TÍTULO UNIFORME
Título uniforme Biblioteca de legislación ;
Designación de volumen o secuencia 7
9 (RLIN) 177899
852 ## - LOCALIZACIÓN
Ubicación ES-MaACL
Número de control de estantería A-15221
itemnumber 198120
Ubicación en estantería Depósito 1
Signatura antigua Olim: L 343.2(460)"1995" ESP
-- Olim: Meseton
942 ## - ELEMENTOS DE ENTRADA SECUNDARIOS (KOHA)
Fuente del sistema de clasificación o colocación Clasificación decimal universal
Holdings
Estatus retirado Estado de pérdida Fuente del sistema de clasificación o colocación Estado de daño No para préstamo Biblioteca de origen Biblioteca actual Ubicación en estantería Fecha de adquisición Total de préstamos Signatura topográfica completa Código de barras Visto por última vez Precio de reemplazo Tipo de ítem Koha
    Clasificación decimal universal     Biblioteca del Ateneo de Madrid Biblioteca del Ateneo de Madrid Depósito 1 30/08/2022   A-15221 1203224 23/02/2023 23/02/2023 Libro impreso